|
|
|
|
| LEADER |
01611nam a2200385 a 4500 |
| 001 |
34621 |
| 003 |
BD-DhAAL |
| 005 |
20211118133107.0 |
| 008 |
190506r20181995nyua fb 001 0 eng d |
| 999 |
|
|
|c 40706
|d 40706
|
| 010 |
|
|
|a 94005366
|
| 020 |
|
|
|a 9780070682627
|
| 020 |
|
|
|a 0070682623
|
| 020 |
|
|
|a 0070163014 (acidfree paper)
|
| 040 |
|
|
|a DLC
|c DLC
|d DLC
|d BD-DhAAL
|
| 050 |
0 |
0 |
|a NA9051
|b .T55 1995
|
| 082 |
0 |
0 |
|a 711.58
|2 20
|
| 245 |
0 |
0 |
|a Time-saver standards for housing and residential development /
|c edited by Joseph De Chiara, Julius Panero, Martin Zelnik.
|
| 250 |
|
|
|a Second edition
|
| 260 |
|
|
|a New York :
|b McGraw-Hill,
|c c1995 [reprined 2018]
|
| 300 |
|
|
|a xiv, 1114 pages :
|b illustrations ;
|c 29 cm.
|
| 500 |
|
|
|a Rev. ed. of: Time-saver standards for residential development. 1st ed. c1984.
|
| 504 |
|
|
|a Includes bibliographical references (pages 1101-1108) and index.
|
| 526 |
|
|
|a ARC
|
| 541 |
|
|
|a Mullick & Brothers
|e 34621
|
| 650 |
|
0 |
|a Homesites
|x Planning
|x Handbooks, manuals, etc.
|9 31505
|
| 650 |
|
0 |
|a Dwellings
|x Designs and plans
|x Handbooks, manuals, etc.
|9 31506
|
| 650 |
|
0 |
|a Architecture
|9 42839
|
| 700 |
1 |
|
|a De Chiara, Joseph,
|d 1929-
|9 31507
|
| 700 |
1 |
|
|a Panero, Julius.
|9 31508
|
| 700 |
1 |
|
|a Zelnik, Martin,
|d 1939-
|9 31509
|
| 730 |
0 |
|
|a Time-saver standards for residential development.
|9 31510
|
| 852 |
|
|
|a Ayesha Abed Library
|c General Stacks
|
| 942 |
|
|
|2 ddc
|c BK
|
| 952 |
|
|
|0 0
|1 0
|2 ddc
|4 0
|6 711_580000000000000_TIM
|7 0
|9 65398
|a BRACUL
|b BRACUL
|c GEN
|d 2019-04-24
|e Mullick & Brothers
|g 2952.00
|l 5
|m 27
|o 711.58 TIM
|p 3010034621
|r 2025-09-13
|s 2025-07-22
|t 1
|v 2952.00
|w 2019-04-24
|y BK
|